Весь мир: энциклопедический справочник
| Izvleček: | Исключено из фонда НТБ ТПУ |
|---|---|
| Jezik: | ruščina |
| Izdano: |
Минск, Литература, 1996
|
| Serija: | Энциклопедический справочник |
| Format: | MixedMaterials Knjiga |
| KOHA link: | https://koha.lib.tpu.ru/cgi-bin/koha/opac-detail.pl?biblionumber=2690 |
MARC
| LEADER | 00000nam0a2200000 4500 | ||
|---|---|---|---|
| 001 | 2690 | ||
| 005 | 20231030174049.0 | ||
| 010 | |a 9854370852 | ||
| 035 | |a (RuTPU)RU\TPU\book\2703 | ||
| 035 | |a BOOK00002710 | ||
| 090 | |a 2690 | ||
| 100 | |a 20011209d1996 km y0rusy50 ca | ||
| 101 | 0 | |a rus | |
| 102 | |a BY | ||
| 105 | |a a fg 000zy | ||
| 200 | 1 | |a Весь мир |e энциклопедический справочник | |
| 210 | |a Минск |c Литература |d 1996 | ||
| 215 | |a 656 с. | ||
| 225 | 1 | |a Энциклопедический справочник | |
| 333 | |a Исключено из фонда НТБ ТПУ | ||
| 801 | 0 | |a RU |b 63413507 |c 20011209 |g PSBO | |
| 801 | 2 | |a RU |b 63413507 |c 20220615 |g PSBO | |
| 942 | |c BK | ||